[Event "JBLN 2020"]
[Site "Uelzen"]
[Date "2020.09.19"]
[Round "8.4"]
[White "Askerov, Imamali"]
[Black "Hermes, Simon"]
[Result "1-0"]
[WhiteElo "1937"]
[BlackElo "1646"]
[Annotator "NA"]
[PlyCount "63"]
[EventDate "2020.09.19"]
[EventType "team-tourn"]
[EventCountry "GER"]
[SourceTitle "playchess.com"]
[Source "ChessBase"]
[SourceQuality "1"]
[TimeControl "5400+30"]

1. e4 {[%emt 0:00:00]} e6 {[%emt 0:00:00]} 2. d4 {[%emt 0:00:00]} d5 {[%emt 0:00:00]} 3. Nd2 {[%emt 0:00:07]} Nf6 {[%emt 0:00:28]} 4. e5 {[%emt 0:01:02]} Nfd7 {[%emt 0:00:09]} 5. f4 {[%emt 0:00:46]} c5 {[%emt 0:01:02]} 6. c3 {[%emt 0:00:26]} Nc6 {[%emt 0:00:47]} 7. Ndf3 {[%emt 0:00:41]} Be7 {[%emt 0:01:47]} 8. g3 {[%emt 0:05:14]} Qb6 {[%emt 0:04:10]} 9. Bh3 {[%emt 0:04:00]} O-O {[%emt 0:09:53]} 10. Kf1 {[%emt 0:31:28]} Ndb8 {[%emt 0:10:50]} 11. Kg2 {[%emt 0:02:25]} Bd7 {[%emt 0:02:19]} 12. Ne2 {[%emt 0:02:26]} a5 {[%emt 0:04:58]} 13. Rf1 {[%emt 0:17:59]} a4 {[%emt 0:15:48]} 14. g4 $11 {[%emt 0:01:16]} f6 {[%emt 0:07:30]} 15. f5 {[%emt 0:11:28]} cxd4 {[%emt 0:14:51]} 16. cxd4 {[%emt 0:02:22]} fxe5 {[%emt 0:08:39]} 17. dxe5 {[%emt 0:04:27]} exf5 {[%emt 0:06:56]} 18. gxf5 {[%emt 0:03:09]} Bxf5 {[%emt 0:04:31]} 19. Qxd5+ {[%emt 0:00:54]} Kh8 {[%emt 0:00:06]} 20. Bxf5 {[%emt 0:00:54]} Rxf5 {[%emt 0:00:06]} 21. Qe6 {[%emt 0:03:54]} Rf8 {[%emt 0:00:16]} 22. Ng5 {[%emt 0:03:53]} Rxf1 {[%emt 0:00:09]} 23. Kxf1 {[%emt 0:00:08]} h6 {[%emt 0:01:19]} 24. Nf7+ {[%emt 0:00:14]} Kh7 {[%emt 0:00:08]} 25. Nf4 {[%emt 0:00:57]} Qb5+ {[%emt 0:01:25]} 26. Kg2 {[%emt 0:00:09]} Bf6 {[%emt 0:00:53]} 27. exf6 {[%emt 0:01:05]} Nd4 {[%emt 0:00:56]} 28. Qe4+ {[%emt 0:00:11]} Kg8 {[%emt 0:00:06]} 29. Nxh6+ {[%emt 0:00:44]} Kh8 {[%emt 0:00:42]} 30. fxg7+ {[%emt 0:00:09]} Kxg7 {[%emt 0:00:07]} 31. Qg6+ {[%emt 0:00:07]} Kf8 {[%emt 0:00:08]} 32. Qf7# {[%emt 0:03:25]} 1-0

[Event "JBLN 2020"]
[Site "Uelzen"]
[Date "2020.09.19"]
[Round "8.5"]
[White "Holinka, Henning"]
[Black "Striebeck, Enno"]
[Result "1-0"]
[WhiteElo "2256"]
[BlackElo "1697"]
[Annotator "ChessBase"]
[PlyCount "74"]
[EventDate "2020.09.19"]
[EventType "team-tourn"]
[EventCountry "GER"]
[SourceTitle "playchess.com"]
[Source "ChessBase"]
[SourceQuality "1"]
[TimeControl "5400+30"]

1. e4 {[%emt 0:00:00]} c5 {[%emt 0:11:28]} 2. Nf3 {[%emt 0:00:00]} d6 {[%emt 0:01:29]} 3. d4 {[%emt 0:00:00]} cxd4 {[%emt 0:01:20]} 4. Nxd4 {[%emt 0:00:19]} Nf6 {[%emt 0:00:29]} 5. Nc3 {[%emt 0:00:11]} g6 {[%emt 0:01:15]} 6. Be3 {[%emt 0:01:16]} Bg7 {[%emt 0:01:16]} 7. f3 {[%emt 0:00:19]} O-O {[%emt 0:00:07]} 8. Qd2 {[%emt 0:02:00]} Nc6 {[%emt 0:10:30]} 9. O-O-O {[%emt 0:01:24]} a6 {[%emt 0:03:59]} 10. g4 {[%emt 0:02:57]} Nxd4 {[%emt 0:09:28]} 11. Bxd4 {[%emt 0:00:27]} Be6 {[%emt 0:00:25]} 12. h4 {[%emt 0:02:07]} Qa5 {[%emt 0:11:46]} 13. Kb1 {[%emt 0:07:56]} Rfc8 {[%emt 0:07:54]} 14. h5 {[%emt 0:07:54]} Rxc3 {[%emt 0:16:14]} 15. Qxc3 {[%emt 0:05:17]} Qxa2+ {[%emt 0:00:43]} 16. Kc1 {[%emt 0:00:08]} Bh6+ {[%emt 0:00:30]} 17. Be3 {[%emt 0:09:42]} Rc8 {[%emt 0:00:45]} 18. Qd4 {[%emt 0:03:59]} Bb3 {[%emt 0:08:04]} 19. Bd3 {[%emt 0:06:14]} Bxc2 {[%emt 0:02:23]} 20. Bxc2 {[%emt 0:04:31]} Qb3 {[%emt 0:00:42]} 21. Qd3 {[%emt 0:04:06]} Bxe3+ {[%emt 0:02:45]} 22. Kb1 {[%emt 0:00:35]} Qb6 {[%emt 0:00:26]} 23. hxg6 {[%emt 0:04:55]} hxg6 {[%emt 0:01:10]} 24. e5 {[%emt 0:03:26]} dxe5 {[%emt 0:01:30]} 25. g5 {[%emt 0:01:52]} Bxg5 {[%emt 0:00:47]} 26. f4 {[%emt 0:01:23]} exf4 {[%emt 0:01:50]} 27. Qh3 {[%emt 0:00:27]} Nh5 {[%emt 0:02:49]} 28. Qxc8+ {[%emt 0:00:37]} Kg7 {[%emt 0:01:11]} 29. Rd8 {[%emt 0:04:00]} Bf6 {[%emt 0:00:21]} 30. Rg8+ {[%emt 0:07:21]} Kh6 {[%emt 0:00:12]} 31. Rh8+ {[%emt 0:01:42]} Bxh8 {[%emt 0:00:54]} 32. Qxh8+ {[%emt 0:00:17]} Kg5 {[%emt 0:00:07]} 33. Qe5+ {[%emt 0:00:42]} f5 {[%emt 0:00:27]} 34. Qxe7+ {[%emt 0:04:08]} Qf6 {[%emt 0:00:56]} 35. Qxb7 {[%emt 0:04:02]} Ng3 {[%emt 0:00:30]} 36. Re1 {[%emt 0:04:38]} Kg4 {[%emt 0:00:43]} 37. Bd1+ {[%emt 0:01:21]} Kh3 {[%emt 0:01:05]} 1-0

[Event "JBLN 2020"]
[Site "Uelzen"]
[Date "2020.09.19"]
[Round "8.5"]
[White "Neumann, Oskar"]
[Black "Rothenberg, Jannik"]
[Result "0-1"]
[WhiteElo "1691"]
[BlackElo "1889"]
[Annotator "NA"]
[PlyCount "38"]
[EventDate "2020.09.19"]
[EventType "team-tourn"]
[EventCountry "GER"]
[SourceTitle "playchess.com"]
[Source "ChessBase"]
[SourceQuality "1"]
[TimeControl "5400+30"]

1. e4 {[%emt 0:00:00]} e6 {[%emt 0:00:00]} 2. d4 {[%emt 0:00:00]} d5 {[%emt 0:00:00]} 3. Nd2 {[%emt 0:00:00]} c5 {[%emt 0:01:44]} 4. exd5 {[%emt 0:00:10]} exd5 {[%emt 0:00:41]} 5. dxc5 {[%emt 0:13:01]} Bxc5 {[%emt 0:03:58]} 6. Nb3 {[%emt 0:00:40]} Bb6 {[%emt 0:05:16]} 7. Nf3 {[%emt 0:04:28]} Nc6 {[%emt 0:10:10]} 8. c3 {[%emt 0:02:33]} Bg4 {[%emt 0:04:47]} 9. Bb5 {[%emt 0:04:53]} Nge7 {[%emt 0:02:14]} 10. O-O {[%emt 0:05:30]} O-O {[%emt 0:05:56]} 11. Bg5 {[%emt 0:13:17]} f6 {[%emt 0:10:04]} 12. Bxc6 {[%emt 0:08:26]} fxg5 {[%emt 0:07:19]} 13. Bxb7 {[%emt 0:06:03]} Bxf3 {[%emt 0:02:48]} 14. gxf3 {[%emt 0:00:36]} Rb8 {[%emt 0:01:38]} 15. Ba6 {[%emt 0:02:09]} Qd6 {[%emt 0:00:18]} 16. Qd3 {[%emt 0:05:12]} Bc7 $19 {[%emt 0:01:28]} 17. Rfe1 {[%emt 0:01:21]} Ng6 {[%emt 0:06:59]} 18. Rad1 {[%emt 0:08:05]} Qxh2+ {[%emt 0:00:36]} 19. Kf1 {[%emt 0:00:54]} Nf4 {[%emt 0:01:21]} 0-1

[Event "JBLN 2020"]
[Site "Uelzen"]
[Date "2020.09.19"]
[Round "8.6"]
[White "Guo, Philipp Ziming"]
[Black "Garner, Isaac"]
[Result "1-0"]
[WhiteElo "1728"]
[BlackElo "2095"]
[Annotator "NA"]
[PlyCount "105"]
[EventDate "2020.09.19"]
[EventType "team-tourn"]
[EventCountry "GER"]
[SourceTitle "playchess.com"]
[Source "ChessBase"]
[SourceQuality "1"]
[TimeControl "5400+30"]

1. e4 {[%emt 0:10:31]} c5 {[%emt 0:00:00]} 2. Nf3 {[%emt 0:00:05]} e6 {[%emt 0:00:00]} 3. d4 {[%emt 0:00:06]} cxd4 {[%emt 0:00:00]} 4. Nxd4 {[%emt 0:00:07]} Nc6 {[%emt 0:00:00]} 5. Nc3 {[%emt 0:00:04]} Qc7 {[%emt 0:00:00]} 6. Be3 {[%emt 0:00:06]} a6 {[%emt 0:00:03]} 7. Bd3 {[%emt 0:00:19]} Nf6 {[%emt 0:00:15]} 8. O-O {[%emt 0:00:16]} b5 {[%emt 0:00:04]} 9. a3 {[%emt 0:06:14]} Ne5 {[%emt 0:01:09] B48: Sicilian: Taimanov: 5 Nc3 Qc7 6 Be3 a6 without Be2.} 10. Be2 {[%emt 0:04:59]} Bb7 {[%emt 0:03:48]} 11. f4 {[%emt 0:05:01]} Nc4 {[%emt 0:00:20]} 12. Bxc4 {[%emt 0:00:33]} Qxc4 {[%emt 0:00:53] [#]} 13. e5 $146 {[%emt 0:07:12]} ({Predecessor:} 13. f5 Nxe4 14. Nxe4 Bxe4 15. Rf4 exf5 16. Nxf5 Qxc2 17. Qg4 Bxf5 18. Rxf5 f6 19. Rd5 {½-½ (60) Titgemeyer,S (1557)-Mirke,R (1557) Willingen 2006}) 13... Nd5 {[%emt 0:03:44]} 14. Nxd5 {[%emt 0:00:40]} Qxd5 {[%emt 0:05:35]} 15. Qe2 {[%emt 0:01:38]} d6 {[%emt 0:06:39]} 16. Rad1 {[%emt 0:12:07]} dxe5 {[%emt 0:03:35]} 17. Nf3 {[%emt 0:02:27]} Qe4 {[%emt 0:03:32]} 18. Ng5 {[%emt 0:05:02]} Qc6 {[%emt 0:00:29]} 19. fxe5 {[%emt 0:01:04]} Bc5 {[%emt 0:00:10]} 20. Bxc5 {[%emt 0:02:49]} Qxc5+ {[%emt 0:00:13]} 21. Qf2 $16 {[%emt 0:02:42]} Qxf2+ {[%emt 0:03:54]} 22. Rxf2 {[%emt 0:00:13]} O-O {[%emt 0:03:52]} 23. Rd7 {[%emt 0:08:36]} Bd5 {[%emt 0:09:04]} 24. Rdxf7 {[%emt 0:05:17]} Rxf7 {[%emt 0:06:17]} 25. Nxf7 {[%emt 0:00:13]} Rc8 {[%emt 0:01:59]} 26. Nd6 {[%emt 0:04:20]} Rc5 {[%emt 0:00:48]} 27. Re2 {[%emt 0:00:46]} h6 {[%emt 0:04:36]} 28. Kf2 {[%emt 0:00:57]} Kh7 {[%emt 0:01:13]} 29. Ke3 {[%emt 0:02:54]} Bc4 {[%emt 0:09:33]} 30. Nxc4 {[%emt 0:00:09]} Rxc4 {[%emt 0:00:04]} 31. b3 {[%emt 0:06:36]} Rc8 {[%emt 0:02:06]} 32. Kd4 {[%emt 0:01:53]} Kg6 {[%emt 0:00:26]} 33. c4 {[%emt 0:01:24]} bxc4 {[%emt 0:01:06]} 34. bxc4 {[%emt 0:00:20]} Rd8+ {[%emt 0:01:54]} 35. Kc5 {[%emt 0:01:31]} Kf5 {[%emt 0:01:47]} 36. Kb6 {[%emt 0:01:44]} Rb8+ {[%emt 0:02:50]} 37. Kc7 {[%emt 0:00:22]} Rb3 {[%emt 0:00:13]} 38. c5 {[%emt 0:00:15]} Rxa3 {[%emt 0:00:06]} 39. c6 {[%emt 0:00:23]} Rc3 {[%emt 0:00:12]} 40. Kd7 {[%emt 0:00:17]} Rd3+ {[%emt 0:00:09]} 41. Kc8 {[%emt 0:00:08]} Rc3 {[%emt 0:00:15]} 42. c7 {[%emt 0:00:14]} a5 {[%emt 0:00:05]} 43. Rd2 {[%emt 0:01:26]} Kxe5 {[%emt 0:00:09]} 44. Kd8 {[%emt 0:00:07]} Kf4 {[%emt 0:00:16]} 45. Rf2+ {[%emt 0:00:53]} Ke4 {[%emt 0:00:36]} 46. Re2+ {[%emt 0:05:16]} Kd5 {[%emt 0:00:21]} 47. c8=Q {[%emt 0:01:26]} Rxc8+ {[%emt 0:00:26]} 48. Kxc8 {[%emt 0:00:06]} e5 {[%emt 0:00:08]} 49. Ra2 {[%emt 0:00:00]} e4 {[%emt 0:00:00]} 50. Rxa5+ {[%emt 0:00:00]} Kd4 {[%emt 0:00:00]} 51. Kd7 {[%emt 0:00:00]} e3 {[%emt 0:00:00]} 52. Ke6 {[%emt 0:00:00]} e2 {[%emt 0:00:00]} 53. Re5 {[%emt 0:00:00]} 1-0

[Event "JBLN 2020"]
[Site "Uelzen"]
[Date "2020.09.20"]
[Round "9.2"]
[White "Stelmaszyk, Nico"]
[Black "Hovhannisyan, Artur"]
[Result "1-0"]
[WhiteElo "2301"]
[BlackElo "2182"]
[Annotator "ChessBase"]
[PlyCount "71"]
[EventDate "2020.09.19"]
[EventType "team-tourn"]
[EventCountry "GER"]
[SourceTitle "playchess.com"]
[Source "ChessBase"]
[SourceQuality "1"]
[TimeControl "5400+30"]

1. e4 {[%emt 0:00:00]} d5 {[%emt 0:00:00]} 2. exd5 {[%emt 0:00:00]} Nf6 {[%emt 0:00:00]} 3. d4 {[%emt 0:00:00]} Bg4 {[%emt 0:00:00]} 4. Bb5+ {[%emt 0:00:35]} Nbd7 {[%emt 0:00:00]} 5. f3 {[%emt 0:00:10]} Bf5 {[%emt 0:00:00]} 6. Nc3 {[%emt 0:00:14]} a6 {[%emt 0:00:06]} 7. Ba4 {[%emt 0:00:07]} b5 {[%emt 0:00:08]} 8. Bb3 {[%emt 0:00:06]} Nb6 {[%emt 0:00:08]} 9. Nge2 {[%emt 0:00:12]} Nbxd5 {[%emt 0:06:02]} 10. Nxd5 {[%emt 0:00:13]} Nxd5 {[%emt 0:00:18]} 11. Ng3 {[%emt 0:00:07]} Bg6 {[%emt 0:01:21]} 12. f4 {[%emt 0:00:08]} e6 {[%emt 0:00:30]} 13. O-O {[%emt 0:06:34]} Be7 {[%emt 0:10:24]} 14. f5 {[%emt 0:04:34]} exf5 {[%emt 0:00:49]} 15. Nxf5 {[%emt 0:00:32]} Bxf5 {[%emt 0:06:55]} 16. Rxf5 {[%emt 0:00:09]} Nf6 {[%emt 0:00:10]} 17. c3 {[%emt 0:02:54]} O-O {[%emt 0:08:30]} 18. Qf3 {[%emt 0:02:02]} g6 {[%emt 0:16:33]} 19. Re5 {[%emt 0:02:36]} Nd7 {[%emt 0:01:30]} 20. Re2 {[%emt 0:06:26]} Bf6 {[%emt 0:07:11]} 21. Bh6 {[%emt 0:01:02]} Bg7 {[%emt 0:01:31]} 22. Bf4 {[%emt 0:00:57]} Nb6 {[%emt 0:24:28]} 23. Rf1 {[%emt 0:04:43]} Qd7 {[%emt 0:01:57]} 24. Qb7 {[%emt 0:03:43]} Rac8 {[%emt 0:02:13]} 25. Bg3 {[%emt 0:06:03]} a5 {[%emt 0:02:02]} 26. Ref2 {[%emt 0:03:26]} Nc4 {[%emt 0:00:41]} 27. a4 {[%emt 0:00:29]} Rb8 {[%emt 0:06:46]} 28. Qxc7 {[%emt 0:01:23]} Qxc7 {[%emt 0:00:05]} 29. Bxc7 {[%emt 0:00:08]} Rb7 {[%emt 0:00:36]} 30. Bg3 {[%emt 0:03:52]} Ne3 {[%emt 0:01:14]} 31. Rxf7 {[%emt 0:08:07]} Rfxf7 {[%emt 0:02:06]} 32. Rxf7 {[%emt 0:00:11]} Rxf7 {[%emt 0:00:12]} 33. axb5 {[%emt 0:00:08]} a4 {[%emt 0:01:30]} 34. Bxf7+ {[%emt 0:00:19]} Kxf7 {[%emt 0:00:01]} 35. b6 {[%emt 0:00:09]} a3 {[%emt 0:00:57]} 36. bxa3 {[%emt 0:00:11]} 1-0

[Event "JBLN 2020"]
[Site "Uelzen"]
[Date "2020.09.20"]
[Round "9.4"]
[White "Reimer, Philip"]
[Black "Khachatryan, Taron"]
[Result "1/2-1/2"]
[WhiteElo "1984"]
[BlackElo "2136"]
[Annotator "ChessBase"]
[PlyCount "37"]
[EventDate "2020.09.19"]
[EventType "team-tourn"]
[EventCountry "GER"]
[SourceTitle "playchess.com"]
[Source "ChessBase"]
[SourceQuality "1"]
[TimeControl "5400+30"]

1. e4 {[%emt 0:00:00]} d6 {[%emt 0:00:33]} 2. d4 {[%emt 0:00:00]} Nf6 {[%emt 0:00:06]} 3. Nc3 {[%emt 0:00:00]} Nbd7 {[%emt 0:00:12]} 4. f4 {[%emt 0:01:15]} e5 {[%emt 0:02:04]} 5. fxe5 {[%emt 0:06:55]} dxe5 {[%emt 0:00:06]} 6. dxe5 {[%emt 0:01:01]} Nxe5 {[%emt 0:00:10]} 7. Qxd8+ {[%emt 0:00:08]} Kxd8 {[%emt 0:00:05]} 8. Nf3 {[%emt 0:04:08]} Bd6 {[%emt 0:02:06]} 9. Bg5 {[%emt 0:02:52]} c6 {[%emt 0:00:12]} 10. O-O-O {[%emt 0:04:39]} Kc7 {[%emt 0:02:08]} 11. Nd4 {[%emt 0:14:13]} a6 {[%emt 0:02:09]} 12. Be2 {[%emt 0:11:12]} Nfg4 {[%emt 0:07:18]} 13. Nf5 {[%emt 0:22:06]} Bxf5 {[%emt 0:02:31]} 14. exf5 {[%emt 0:00:08]} f6 {[%emt 0:25:32]} 15. Bf4 {[%emt 0:03:44]} Nd3+ {[%emt 0:01:16]} 16. Rxd3 {[%emt 0:00:06]} Bxf4+ {[%emt 0:00:06]} 17. Kb1 {[%emt 0:00:05]} Ne5 {[%emt 0:01:26]} 18. Rdd1 {[%emt 0:01:10]} Rad8 {[%emt 0:02:41]} 19. Ne4 {[%emt 0:06:22]} 1/2-1/2

[Event "JBLN 2020"]
[Site "Uelzen"]
[Date "2020.09.20"]
[Round "9.5"]
[White "Striebeck, Enno"]
[Black "Brockmeyer, Tobias"]
[Result "1-0"]
[WhiteElo "1697"]
[BlackElo "1890"]
[Annotator "NA"]
[PlyCount "95"]
[EventDate "2020.09.19"]
[EventType "team-tourn"]
[EventCountry "GER"]
[SourceTitle "playchess.com"]
[Source "ChessBase"]
[SourceQuality "1"]
[TimeControl "5400+30"]

1. d4 {[%emt 0:00:00]} d5 {[%emt 0:00:00]} 2. c4 {[%emt 0:00:19]} e6 {[%emt 0:00:00]} 3. Nf3 {[%emt 0:00:28]} c6 {[%emt 0:00:00]} 4. Bf4 {[%emt 0:01:02]} dxc4 {[%emt 0:02:39]} 5. e3 {[%emt 0:06:51]} b5 {[%emt 0:04:01]} 6. Be2 {[%emt 0:02:55]} Nf6 {[%emt 0:01:55]} 7. O-O {[%emt 0:00:15]} Bb7 {[%emt 0:03:16]} 8. a4 {[%emt 0:09:00]} Bb4 {[%emt 0:03:45]} 9. b3 {[%emt 0:02:29]} cxb3 {[%emt 0:07:23]} 10. axb5 {[%emt 0:03:03]} O-O {[%emt 0:04:39]} 11. Qxb3 {[%emt 0:05:01]} Bd6 {[%emt 0:04:15]} 12. Ne5 {[%emt 0:03:45]} cxb5 $16 {[%emt 0:15:59]} 13. Qxb5 {[%emt 0:09:41]} Qb6 {[%emt 0:15:43]} 14. Nc3 {[%emt 0:11:30]} Nd5 {[%emt 0:07:06]} 15. Qxb6 {[%emt 0:17:49]} axb6 {[%emt 0:02:08]} 16. Nxd5 {[%emt 0:00:58]} Bxd5 {[%emt 0:01:15]} 17. Rxa8 {[%emt 0:01:21]} Bxa8 {[%emt 0:00:02]} 18. Nd3 {[%emt 0:00:13]} Bxf4 {[%emt 0:01:52]} 19. Nxf4 {[%emt 0:00:12]} Nd7 {[%emt 0:00:28]} 20. Rc1 {[%emt 0:00:30]} Nf6 {[%emt 0:03:30]} 21. f3 {[%emt 0:02:37]} Rd8 {[%emt 0:07:23]} 22. Kf2 {[%emt 0:01:59]} Kf8 {[%emt 0:04:29]} 23. e4 {[%emt 0:00:27]} Ke7 {[%emt 0:02:00]} 24. Ke3 {[%emt 0:01:02]} Bb7 {[%emt 0:02:43]} 25. Rb1 {[%emt 0:01:42]} Rd6 {[%emt 0:02:35]} 26. e5 {[%emt 0:01:32]} Nd5+ {[%emt 0:00:01]} 27. Nxd5+ {[%emt 0:00:08]} Rxd5 {[%emt 0:00:01]} 28. Rxb6 {[%emt 0:00:11]} Rd7 {[%emt 0:00:15]} 29. g4 {[%emt 0:01:38]} g5 {[%emt 0:00:57]} 30. Bd3 {[%emt 0:00:51]} h6 {[%emt 0:00:05]} 31. Be4 {[%emt 0:06:08]} Bd5 {[%emt 0:00:21]} 32. Bxd5 {[%emt 0:01:50]} Rxd5 {[%emt 0:00:34]} 33. Rb8 {[%emt 0:00:41]} Rd8 {[%emt 0:03:12]} 34. Rxd8 {[%emt 0:01:54]} Kxd8 {[%emt 0:00:02]} 35. Ke4 {[%emt 0:00:27]} Ke7 {[%emt 0:00:09]} 36. d5 {[%emt 0:00:04]} exd5+ {[%emt 0:00:04]} 37. Kxd5 {[%emt 0:00:06]} Kd7 {[%emt 0:00:15]} 38. Ke4 {[%emt 0:04:08]} Ke6 {[%emt 0:00:14]} 39. Kd4 {[%emt 0:03:14]} Ke7 {[%emt 0:01:45]} 40. Kd5 {[%emt 0:00:45]} Kd7 {[%emt 0:00:01]} 41. Ke4 {[%emt 0:00:07]} Ke6 {[%emt 0:00:05]} 42. Kd4 {[%emt 0:00:00]} Ke7 {[%emt 0:00:00]} 43. Ke3 {[%emt 0:00:00]} Ke6 {[%emt 0:00:00]} 44. Ke4 {[%emt 0:00:00]} Ke7 {[%emt 0:00:00]} 45. Kf5 {[%emt 0:00:00]} Ke8 {[%emt 0:00:00]} 46. Kf6 {[%emt 0:00:00]} Kf8 {[%emt 0:00:00]} 47. e6 {[%emt 0:00:00]} fxe6 {[%emt 0:00:00]} 48. Kg6 {[%emt 0:00:00]} 1-0

[Event "JBLN 2020"]
[Site "Uelzen"]
[Date "2020.09.20"]
[Round "9.6"]
[White "Dornieden, Jonas"]
[Black "Guo, Philipp Ziming"]
[Result "1/2-1/2"]
[WhiteElo "2079"]
[BlackElo "1728"]
[Annotator "TA"]
[PlyCount "122"]
[EventDate "2020.09.19"]
[EventType "team-tourn"]
[EventCountry "GER"]
[SourceTitle "playchess.com"]
[Source "ChessBase"]
[SourceQuality "1"]

{[%evp 16,122,35,29,41,42,42,37,43,25,39,24,24,26,32,0,0,-7,0,0,4,-12,29,23,34,11,15,10,11,8,27,0,0,0,-7,0,-6,-12,0,0,0,0,14,-12,-7,0,0,-17,-21,-56,-56,-46,-3,-24,-30,-35,-30,-109,-97,-102,-62,-58,-38,-62,-59,-202,-205,-204,-124,-170,-168,-165,-158,-173,-167,-166,-187,-482,-482,-482,-227,-227,-227,-227,-227,-227,-227,-227,-227,-375,-358,-519,-519,-519,-503,-505,-510,-517,-97,-97,-97,-97,-97,-118,-56,-87,-85,-85,-85]} 1. d4 Nf6 2. c4 e6 3. Nf3 b6 4. g3 Bb7 5. Bg2 Be7 6. O-O O-O 7. d5 exd5 8. Nh4 Ne4 9. cxd5 Bxh4 {E17: Queen's Indian: 4 g3 Bb7 5 Bg2 Be7.} 10. Bxe4 Bf6 11. Qc2 h6 {White is slightly better.} 12. Bf4 d6 {[#]} 13. Na3 $146 ({Predecessor:} 13. Nd2 Nd7 14. Rac1 Nc5 15. b4 Nxe4 16. Qxe4 Qd7 17. Qd3 Rfc8 18. Rfd1 Re8 19. e4 {1-0 (35) Adly,A (2591)-Fawole,J (2214) Windhoek 2014}) 13... Na6 14. Bg2 Nc5 15. Rac1 a5 16. Rfe1 Ba6 17. b3 Qd7 18. Rcd1 Rfe8 19. e4 Re7 20. Nc4 Bxc4 21. Qxc4 b5 22. Qc2 Rae8 23. a3 b4 24. axb4 axb4 25. Bd2 Qb5 26. Kh1 Qd3 $36 {[%mdl 2048] Black is more active.} 27. Qxd3 Nxd3 28. Re2 Nc5 {[%cal Rc5e4]} 29. f3 Rb8 30. Rb1 Bd4 31. Be1 {[#]} f5 $1 {[%mdl 512]} 32. h4 (32. exf5 Rxe2) 32... fxe4 33. fxe4 Nd7 34. Rd1 Be5 35. Rc2 Nc5 36. Rb1 (36. Rc4 $11) 36... Nd3 $17 37. Kh2 Nxe1 38. Rxe1 Bc3 39. Ree2 Ra8 40. Ra2 (40. e5 $15) 40... Ra3 $19 41. Bh3 {[#]} Rxe4 $1 {[%mdl 512]} 42. Bf5 (42. Rxe4 Rxa2+) 42... Rxe2+ 43. Rxe2 Rxb3 {[%mdl 4096] Endgame KRB-KRB} 44. Re7 Kf8 45. Rxc7 Be5 46. h5 $2 (46. Bg6 {was the only chance.}) 46... Rxg3 {Strongly threatening ...Rc3+.} 47. Kh1 Rf3 (47... b3 $142 48. Rc1 b2) 48. Bg6 b3 {[%cal Bb4b3,Bb3b2][%mdl 32]} 49. Kg2 Rf4 50. Rb7 b2 51. Kh3 Bc3 52. Kg3 (52. Rb3 {was called for.} Be5 53. Rb7) 52... Rb4 53. Rxb4 (53. Rf7+ $142 Kg8 54. Rc7 Be5+ 55. Kg2) 53... Bxb4 {KB-KB} 54. Kf3 Ke7 55. Ke2 Kf6 56. Kd1 {and the idea Kc2 leaves White hopeful.} Ke5 $2 (56... Bc3 $19 {is more deadly.} 57. Kc2 Be5) 57. Kc2 $17 Kxd5 58. Kxb2 Kd4 59. Kc2 Ke3 ({Black should play} 59... d5 $17 60. Kb3 Be1) 60. Bf7 Bc5 61. Kc3 Bd4+ {Accuracy: White = 65%, Black = 79%.} 1/2-1/2